| 000 -LEADER |
| fixed length control field |
01272cam a2200241 a 4500 |
| 001 - CONTROL NUMBER |
| control field |
(Sirsi) a948719 |
| 003 - CONTROL NUMBER IDENTIFIER |
| control field |
OSt |
| 005 - DATE AND TIME OF LATEST TRANSACTION |
| control field |
20240926151258.0 |
| 008 - FIXED-LENGTH DATA ELEMENTS--GENERAL INFORMATION |
| fixed length control field |
120430r20122003enk e 000 1 eng |
| 020 ## - INTERNATIONAL STANDARD BOOK NUMBER |
| International Standard Book Number |
9780099572831 |
| Qualifying information |
(pbk.) |
| 040 ## - CATALOGING SOURCE |
| Original cataloging agency |
StDuBDS |
| Language of cataloging |
eng |
| Transcribing agency |
StDuBDS |
| Modifying agency |
TAE |
| -- |
KH8 |
| 042 ## - AUTHENTICATION CODE |
| Authentication code |
nbic |
| 082 0# - DEWEY DECIMAL CLASSIFICATION NUMBER |
| Classification number |
FIC HAD |
| 100 1# - MAIN ENTRY--PERSONAL NAME |
| Personal name |
Haddon, Mark, |
| Dates associated with a name |
1962- |
| Relator term |
author. |
| 245 14 - TITLE STATEMENT |
| Title |
The curious incident of the dog in the night-time / |
| Statement of responsibility, etc. |
Mark Haddon. |
| 260 ## - PUBLICATION, DISTRIBUTION, ETC. |
| Place of publication, distribution, etc. |
London : |
| Name of publisher, distributor, etc. |
Vintage Classic, |
| Date of publication, distribution, etc. |
2012. |
| 300 ## - PHYSICAL DESCRIPTION |
| Extent |
271 p. ; |
| Dimensions |
19 cm. |
| 500 ## - GENERAL NOTE |
| General note |
Originally published: London: Jonathan Cape, 2003. |
| 520 ## - SUMMARY, ETC. |
| Summary, etc. |
Lots of things are mysteries. But that doesn't mean there isn't an answer to them'. This is Christopher's murder mystery story. There are also no lies in this story because Christopher can't tell lies. Christopher does not like strangers or the colours yellow or brown or being touched. On the other hand, he knows all the countries in the world and their capital cities and every prime number up to 7507. When Christopher decides to find out who killed the neighbour's dog, his mystery story becomes more complicated than he could have ever predicted. |
| 650 #0 - SUBJECT ADDED ENTRY--TOPICAL TERM |
| Topical term or geographic name entry element |
Asperger's syndrome |
| General subdivision |
Patients |
| Form subdivision |
Fiction. |
| 650 #0 - SUBJECT ADDED ENTRY--TOPICAL TERM |
| Topical term or geographic name entry element |
Puzzles |
| Form subdivision |
Fiction. |
| 942 ## - ADDED ENTRY ELEMENTS (KOHA) |
| Source of classification or shelving scheme |
|
| Koha item type |
Books - Fiction |